| 000 | 00832cam a22002895a 4500 | ||
|---|---|---|---|
| 008 | 070503s1992 xxk f 000 0 eng d | ||
| 020 | _a0752004131 | ||
| 035 | _a(Sirsi) u137871 | ||
| 041 | _aeng | ||
| 050 | _a346.410432 $2 18 | ||
| 100 | _aAldridge, Trevor M. | ||
| 245 | _aBoundaries, walls and fences | ||
| 250 | _a7th ed. | ||
| 260 |
_aLondon _bLongmans Law, Tax and Finance _c1992 |
||
| 300 | _axiv,77p. ; 22cm. | ||
| 350 | _a21 | ||
| 520 | _aSuperseded by eighth edition (ISBN 0752004131). | ||
| 650 |
_aBoundary disputes _96221 |
||
| 650 |
_aBoundary disputes _96221 |
||
| 650 | _aFENCES | ||
| 650 |
_aParty walls _96258 |
||
| 650 | _aBUILT ENVIRONMENT-BUILDING ELEMENTS-COMPLETE BUILDING ELEMENTS-WALLS | ||
| 651 | 4 |
_aEngland and Wales _y1543- |
|
| 690 | _aLAND | ||
| 942 | _n0 | ||
| 948 | _c04/03/1997 | ||
| 999 |
_c106914 _d106914 |
||